000 00454nam a2200181Ia 4500
001 3810
005 20260306145710.0
008 260306t2015||||xx |||||||||||||| ||spa||
041 _aESP
082 _a303.4833
_bN94
100 _aNúñez Lérida, María
_eAUT
245 0 _aPadres e hijos en la cultura digital y del videojuego
260 _c2015
300 _a207 páginas :
_c21 cm.
650 _aGEN
654 _aCHU
942 _cLIB
_dJUS
_fJUS
_2ddc
_n
999 _c3810
_d3810